000
00254nam a2200097Ia 4500
001
736410
005
20250826163911.0
008
250824s9999 xx 000 0 und d
245
0
_a
ADINDAN BELLİYDİ KUŞLAR KÖYÜ
_c
TOPRAK IŞIK
260
_b
TUDEM YAYINLARI
999
_c
736410
_d
736410